00373nam a22001097a 4500008004100000100001400041245010300055260002600158300003700184700001600221773002600237200305b ||||| |||| 00| 0 eng d aDutta, A. aAnalysis and investigation of clues in cases of doubtful/motivated allegations/implication of rape bIndian Police Journal a66(4), Oct-Dec, 2019: p.107-150. aArora, R.C. aIndian Police Journal